000 00871nam a2200265 c 4500
003 BLK
005 20180422120631.0
008 180411b bul|||||r ||||||| ||bul||
010 _aKNG00213502000
040 _aBLK
041 _aBUL
_cBUL
080 _aБългарска литература
_b821.163.2
_x-4
_z821.163.2-4
100 1 _aСтефанова, Лиляна
_eпърви автор
_9376442
139 _aСтефанова, Лиляна
_bС 75
245 1 0 _aМолив подострен опасно
_bПублицистика
_cЛиляна Стефанова.
257 _aBGR
260 София
_bБълг. писател
_c1988
300 _a239 с.
_c21 см
380 _aX
852 _aЦб 156061
856 4 _qpdf
_u
856 4 _qpdf
_u
942 _cKNG
_n0
944 _aCR
_c23.10.2017
_kНора_Радева
944 _aED
_c23.10.2017
_kНора_Радева
999 _c203958
_d203958